000 00373nam a2200157Ia 4500
008 240729s9999 xx 000 0 und d
022 _a2673-6497
245 0 _aSolids
260 _aSwitzerland
260 _bMDPI AG
650 _a Chemistry
650 _aScience
856 _uhttps://doaj.org/toc/69df6a8de2e140ea83b5c4b19e3150c7
942 _2ddc
942 _cDOAJEJ
999 _c71834
_d71834
945 _a1
_bMadushi Gamage
_c1
_dMadushi Gamage